[Event "South America-ch U14 Girls 16th"]
[Site "Buenos Aires"]
[Date "2019.12.03"]
[Round "4.6"]
[White "Figueroa Bernal, Julia Dennis Paloma"]
[Black "Esquivel, Belen"]
[Result "1-0"]
[WhiteElo "1794"]
[BlackElo "1427"]
[PlyCount "80"]
[EventDate "2019.12.01"]
[EventType "swiss"]
[EventRounds "9"]
[EventCountry "ARG"]
[SourceTitle "EXT 2024"]
[Source "ChessBase"]
[SourceDate "2023.10.10"]
[SourceVersion "1"]
[SourceVersionDate "2023.10.10"]
[SourceQuality "1"]

1. e4 c5 2. Nf3 Nc6 3. d4 cxd4 4. Nxd4 e6 5. Be3 a6 6. c4 Nf6 7. f3 Qc7 8. a3 Qa5+ 9. Nc3 Be7 10. g4 h6 11. h4 Qc7 12. Rg1 Qh2 13. g5 Ng8 14. Bf2 hxg5 15. Rg2 Qc7 16. hxg5 Bc5 17. Bg3 Bd6 18. Bxd6 Qxd6 19. Nxc6 Qxd1+ 20. Rxd1 bxc6 21. c5 Ne7 22. Na4 a5 23. Rdd2 Ra7 24. Kf2 Ng6 25. Kg3 Ke7 26. f4 Rd8 27. f5 Nf8 28. Bd3 d5 29. cxd6+ Rxd6 30. e5 Rd8 31. f6+ gxf6 32. exf6+ Ke8 33. Be4 Rxd2 34. Rxd2 Bb7 35. Nc5 Ba8 36. g6 fxg6 37. Nxe6 Nxe6 38. Bxg6+ Kf8 39. Rd6 Rc7 40. Rxe6 Rc8 1-0

[Event "Moron Perez Cup U2200 sf"]
[Site "Moron"]
[Date "2019.07.29"]
[Round "1.7"]
[White "Esquivel, Belen"]
[Black "Cabrera, Gaston"]
[Result "0-1"]
[WhiteElo "1604"]
[BlackElo "1920"]
[PlyCount "84"]
[EventDate "2019.07.29"]
[EventType "swiss"]
[EventRounds "6"]
[EventCountry "ARG"]
[SourceTitle "EXT 2024"]
[Source "ChessBase"]
[SourceDate "2023.10.10"]
[SourceVersion "1"]
[SourceVersionDate "2023.10.10"]
[SourceQuality "1"]

1. d4 g6 2. Nf3 Bg7 3. Bf4 d6 4. e3 Nf6 5. c3 0-0 6. Be2 h6 7. h4 Nfd7 8. Nbd2 Nc6 9. a3 e5 10. Bg3 a6 11. Qc2 b6 12. Rd1 f5 13. dxe5 dxe5 14. Nf1 Qe7 15. N3d2 Bb7 16. f3 Rae8 17. Bf2 Kh8 18. e4 Nd8 19. Bd3 Ne6 20. Ng3 f4 21. Ngf1 Ndc5 22. Be2 Rd8 23. Nb3 Rxd1+ 24. Bxd1 Rd8 25. Nxc5 Nxc5 26. Be2 Ne6 27. Nd2 c5 28. Nb3 Qc7 29. Nc1 Bf8 30. Na2 c4 31. Nc1 Bc5 32. Bf1 Kh7 33. Bxc5 Qxc5 34. Qe2 Ng7 35. Qc2 Qe3+ 36. Ne2 Nh5 37. Qc1 Qc5 38. Qc2 Bc8 39. Qc1 Be6 40. Qc2 a5 41. Rh2 Ng3 42. Nxg3 fxg3 0-1

[Event "ARG-ch U14 Girls"]
[Site "Buenos Aires"]
[Date "2019.03.05"]
[Round "9.3"]
[White "Esquivel, Belen"]
[Black "Rueda Nessi, Juana"]
[Result "1/2-1/2"]
[WhiteElo "1509"]
[BlackElo "1678"]
[PlyCount "104"]
[EventDate "2019.03.01"]
[EventType "swiss"]
[EventRounds "9"]
[EventCountry "ARG"]
[SourceTitle "EXT 2024"]
[Source "ChessBase"]
[SourceDate "2023.10.10"]
[SourceVersion "1"]
[SourceVersionDate "2023.10.10"]
[SourceQuality "1"]

1. d4 d5 2. Nf3 Nc6 3. Bf4 Bg4 4. c3 e6 5. e3 Bd6 6. Bg3 f6 7. Be2 Nge7 8. Nbd2 Qd7 9. Bb5 0-0-0 10. a4 a6 11. Be2 Nf5 12. b4 a5 13. bxa5 Nxa5 14. Nb3 Nxb3 15. Qxb3 Nxg3 16. hxg3 c5 17. c4 Bb8 18. cxd5 Qxd5 19. Bc4 Qc6 20. Rc1 Ba7 21. Be2 Kb8 22. a5 Rc8 23. 0-0 h5 24. a6 Qb6 25. Qxb6 Bxb6 26. Rb1 Ka7 27. Ra1 cxd4 28. axb7+ Kxb7 29. Ba6+ Kc7 30. Rfc1+ Kd7 31. Rxc8 Rxc8 32. Bxc8+ Kxc8 33. Nxd4 Bxd4 34. exd4 g6 35. f3 Bf5 36. Ra8+ Kd7 37. Kf2 Kd6 38. Ke3 e5 39. Ra6+ Kd5 40. Rxf6 exd4+ 41. Kd2 Ke5 42. Rb6 Kd5 43. Ra6 Kc4 44. Ra1 Kd5 45. Rh1 Ke5 46. Ra1 Kd5 47. Ra4 Kc5 48. Ra8 Kd5 49. Ra6 Ke5 50. g4 hxg4 51. fxg4 Be4 52. g3 Kd5 1/2-1/2

[Event "ARG-ch U14 Girls"]
[Site "Villa Martelli"]
[Date "2018.02.10"]
[Round "3.1"]
[White "Saldarini, Alenka"]
[Black "Esquivel, Belen"]
[Result "1/2-1/2"]
[WhiteElo "1526"]
[BlackElo "1578"]
[PlyCount "85"]
[EventDate "2018.02.09"]
[EventType "swiss"]
[EventRounds "9"]
[EventCountry "ARG"]
[SourceTitle "EXT 2024"]
[Source "ChessBase"]
[SourceDate "2023.10.10"]
[SourceVersion "1"]
[SourceVersionDate "2023.10.10"]
[SourceQuality "1"]

1. e4 c5 2. Nf3 e6 3. d4 cxd4 4. Nxd4 a6 5. Bd3 Qc7 6. 0-0 b5 7. Qe2 Nc6 8. Nxc6 Qxc6 9. Nd2 Bc5 10. Nb3 Bb6 11. Kh1 Bb7 12. Be3 Nf6 13. Bxb6 Qxb6 14. f4 d5 15. e5 Ne4 16. Bxe4 dxe4 17. Rae1 f5 18. exf6 gxf6 19. Qh5+ Ke7 20. Qc5+ Qxc5 21. Nxc5 Bd5 22. Nxe4 Rhg8 23. Rf2 Rg7 24. Kg1 Rag8 25. Ng3 Kf7 26. b3 h5 27. Ree2 h4 28. Ne4 Bxe4 29. Rxe4 Rg4 30. Ree2 Rd8 31. Kf1 Rd4 32. f5 Rd1+ 33. Re1 Rxe1+ 34. Kxe1 exf5 35. Ke2 Ke6 36. Kf3 Ke5 37. g3 hxg3 38. hxg3 a5 39. Re2+ Re4 40. c4 bxc4 41. bxc4 Kd4 42. Rd2+ Kxc4 43. Rd6 1/2-1/2